000 01352cam a2200301 a 4500
001 16537620
003 ARRUPE
005 20141019020004.0
008 101115s2009 nr 000 j eng
010 _a 2010511142
020 _a9789784801232 (pbk.)
040 _aBTCTA
_beng
_cBTCTA
_dYDXCP
_dILC
_dYOU
_dNYP
_dDLC
042 _alccopycat
043 _af-nr---
050 0 0 _aPR9387.9.A34354
_bT55 2009b
100 1 _aAdichie, Chimamanda Ngozi,
_d1977-
_99953
245 1 4 _aThe thing around your neck /
_cChimamanda Ngozi Adichie.
260 _aNigeria :
_bFarafina,
_cc2009.
300 _a217 p. ;
_c21 cm.
505 0 _aCell one -- Imitation -- A private experience -- Ghosts -- On Monday of last week -- Jumping monkey hill -- The thing around your neck -- The American embassy -- The shivering -- The arrangers of marriage -- Tomorrow is too far -- The headstrong historian.
520 _aA collection of twelve stories includes the tale of a medical student in hiding with a poor Muslim woman, and a woman who discovers a devastating secret about her brother's death.
650 0 _aShort stories, Nigerian (English)
_99954
651 0 _aNigeria
_vFiction.
_99955
655 7 _aBildungsromans.
_2gsafd
_99956
906 _a7
_bcbc
_ccopycat
_d3
_encip
_f20
_gy-gencatlg
942 _2lcc
_cMONOGRAPH
_05
999 _c120432
_d120432